Hoá học biển, năng suất sinh học và các vấn đề môi trường trong vùng biển Việt Nam
Sách cung cấp những thông tin cơ bản về hoá học biển; thành phần hoá học và năng suất sinh học sơ cấp vùng biển Việt Nam; tầm quan trọng đối với nghiên cứu năng suất sinh học và môi trường biển....
Uloženo v:
| Hlavní autor: | |
|---|---|
| Médium: | Kniha |
| Jazyk: | Undetermined |
| Vydáno: |
Hà Nội
Khoa học Tự nhiên và Công nghệ
2009
|
| Témata: | |
| Tagy: |
Přidat tag
Žádné tagy, Buďte první, kdo otaguje tento záznam!
|
| Thư viện lưu trữ: | Trung tâm Học liệu Trường Đại học Cần Thơ |
|---|
| LEADER | 01059nam a2200217Ia 4500 | ||
|---|---|---|---|
| 001 | CTU_169457 | ||
| 008 | 210402s9999 xx 000 0 und d | ||
| 082 | |a 551.46597 | ||
| 082 | |b A105 | ||
| 100 | |a Nguyễn, Tác An | ||
| 245 | 0 | |a Hoá học biển, năng suất sinh học và các vấn đề môi trường trong vùng biển Việt Nam | |
| 245 | 0 | |c Nguyễn Tác An, Hoàng Trung Du | |
| 260 | |a Hà Nội | ||
| 260 | |b Khoa học Tự nhiên và Công nghệ | ||
| 260 | |c 2009 | ||
| 520 | |a Sách cung cấp những thông tin cơ bản về hoá học biển; thành phần hoá học và năng suất sinh học sơ cấp vùng biển Việt Nam; tầm quan trọng đối với nghiên cứu năng suất sinh học và môi trường biển. | ||
| 650 | |a Oceanography,Hải dương học | ||
| 650 | |x Research,Nghiên cứu | ||
| 650 | |z Vietnam,Việt Nam | ||
| 904 | |i Liên,Qhieu | ||
| 980 | |a Trung tâm Học liệu Trường Đại học Cần Thơ | ||